| 000 | 00556nam a2200145Ia 4500 | ||
|---|---|---|---|
| 008 | 170221s9999 xx 000 0 und d | ||
| 100 | _aNovia Zahrah | ||
| 245 | _aEnhancing Job Performance through Islamic Religiosity and Islamic Work Ethics | ||
| 245 | _cNovia Zahrah, Siti Norasyikin Abdul Hamid, Shamsul Huda Abdul Rani, Bidayatul Akmal Mustafa Kamil | ||
| 260 | _bInternational Review of Management and Marketing | ||
| 260 | _c2012 | ||
| 300 | _a7 : 2 | ||
| 650 | _xMarketing. | ||
| 856 | _uhttp://www.econjournals.com/index.php/irmm/issue/view/91 | ||
| 999 |
_c313929 _d313929 |
||